| 000 | 00735cam a2200241 a 4500 | ||
|---|---|---|---|
| 001 | 12906941 | ||
| 005 | 20180207035607.0 | ||
| 008 | 020826s2003 caua 001 0 eng | ||
| 010 | _a 2002112187 | ||
| 020 | _a0534393306 | ||
| 035 | _a(DLC) 2002112187 | ||
| 040 |
_aDLC _cDLC _dDLC |
||
| 041 | _aeng | ||
| 080 | _a515 JAM | ||
| 082 | 0 | 0 |
_a515 JAM _221 |
| 100 | 1 | _a31 | |
| 101 | _aMAT | ||
| 245 | 1 | 0 |
_aSingle variable calculus : _cJames Stewart. |
| 246 | 1 | 4 | _aCalculus, early transcendentals single variable |
| 906 |
_a7 _bcbc _corignew _d2 _eepcn _f20 _gy-gencatlg |
||
| 942 |
_2ddc _cBK |
||
| 999 |
_c41981 _d41981 |
||